Statistics for Fruit by picture #2

Click here to take the quiz!

General Stats

  • This quiz has been taken 29 times
  • The average score is 10 of 16

Answer Stats

Answer% Correct
Strawberry
100%
Cherry
96%
Pineapple
96%
Grape
92%
Lime
88%
Peach
84%
Grapefruit
76%
Fig
72%
Star fruit
72%
Papaya
68%
Cranberry
44%
Plum
44%
Kumquat
36%
Pomegranite
16%
Elderberry
12%
Goji berry
4%

Score Distribution

Percentile by Number Answered

Percent of People with Each Score

Your Score History

You have not taken this quiz